000 00613nam a2200241 i 4500
001 C2-0266324
003 PPAK
005 20180727233933.0
008 050727s2004 enk |||| ||||| | eng d
020 _a0007127251
040 _aPPAK
_beng
_cPPAK
_erda
082 0 4 _a823
_223
090 0 0 _a823
_bHIG
_dG
100 1 _aHiggins, Jack,
_eauthor
245 1 0 _aToll for the brave
264 1 _aLondon :
_bHarperCollins ,
_c2004
300 _a327 pages ;
_c18 cm
336 _2rdacontent
_atext
337 _2rdamedia
_aunmediated
338 _2rdacarrier
_avolume
650 1 0 _aEnglish fiction
942 _ddc
_cB
999 _c75602
_d75602